00743nam a2200205 a 450000100100000000500170001000800410002704000250006810000200009324000460011324500850015926000440024430000370028849000370032550000330036250000350039550400320043070000380046283000370050000004020620201002034001.0130815s1971 sp ac 000 0 spa d aDO-SdBNPbspacBNPHU1 aMaquet, Jacques10lEspañolaSociété et pouvoir Afrique13aEl poder negro en Africa /cJacques Maquet ; traductor Fabián García-Prieto. aMadrid :bEdiciones Guardarrama,c1971. a254 p. :bils., retrs. ;c20 cm.1 aBiblioteca para el Hombre Actual aIncluye índice analítico aTraducido del idioma francés aBibliografía : p. 247-2501 aGarcía-Prieto, Fabián,etrad. 0aBiblioteca para el Hombre Actual